Science Quiz

Random Science Quiz

Lower Limb Muscles / Nerves Quiz Stats

 Plays Quiz not verified by Sporcle

Challenge
Share
Tweet
Embed
Score 0/48 Timer 20:00
0 Plays Today
Anatomical Bit Name % Correct
Pelvic Girdle: PosteriorGluteus Maximus
83.8%
Pelvic Girdle: PosteriorGluteus Minimus
83.8%
Pelvic Girdle: PosteriorGluteus Medius
82.4%
Pelvic Girdle: Anterior Psoas Major
81.1%
Thigh: Anterior CompartmentRectus Femoris
79.7%
Thigh: Anterior CompartmentVastus Medialis
79.7%
Thigh: Anterior CompartmentVastus Lateralis
79.7%
Pelvic Girdle: Anterior Iliacus
78.4%
Pelvic Girdle: Anterior Psoas Minor
75.7%
Thigh: Anterior CompartmentVastus Intermedius
75.7%
Thigh: Posterior CompartmentSemitendinosus
70.3%
Thigh: Posterior CompartmentSemimembranosus
68.9%
Thigh: Posterior CompartmentBiceps Femoris
67.6%
Leg: Posterior Superficial CompartmentGastrocnemius
66.2%
Leg: Posterior Superficial CompartmentSoleus
66.2%
Leg: Anterior CompartmentTibialis Anterior
64.9%
Leg: Posterior Deep CompartmentTibialis Posterior
62.2%
Leg: Lateral CompartmentFibularis Longus
60.8%
Leg: Lateral CompartmentFibularis Brevis
60.8%
Leg: Anterior CompartmentExtensor Digitorum Longus
55.4%
Leg: Posterior Superficial CompartmentPlantaris
55.4%
Leg: Posterior Deep CompartmentFlexor Digitorum Longus
55.4%
Lower Limb NervesSciatic Nerve
55.2%
Leg: Anterior CompartmentExtensor Hallucis Longus
54.1%
Anatomical Bit Name % Correct
Leg: Posterior Deep CompartmentFlexor Hallucis Longus
54.1%
Lower Limb NervesFemoral Nerve
53.7%
Lower Limb ArteriesPopliteal Artery
51.4%
Thigh: Anterior CompartmentSartorius
50%
Lower Limb ArteriesFemoral Artery
48.6%
Lower Limb NervesObturator Nerve
43.3%
Lower Limb NervesTibial Nerve
40.3%
Lower Limb ArteriesAnterior Tibial Artery
38.6%
Lower Limb ArteriesPosterior Tibial Artery
38.6%
Lower Limb VeinsGreat Saphenous
38.6%
Lower Limb NervesSuperficial Fibular Nerve
35.8%
Lower Limb NervesDeep Fibular Nerve
35.8%
Lower Limb NervesLumbosacral Plexus
34.3%
Lower Limb VeinsSmall Saphenous
32.9%
Lower Limb ArteriesExternal Iliac Artery
20%
Foot: Intrinsic MusclesHallucis
17.6%
Thigh: Medial CompartmentHip Adductors
16.2%
Foot: Intrinsic MusclesDigiti Minimi
16.2%
Foot: Intrinsic MusclesCentral Muscles
16.2%
Lower Limb ArteriesProfunda Femoris
15.7%
Lower Limb VeinsDorsal Venous Arch
15.7%
Lower Limb VeinsVenae Comitantes
7.5%
Lower Limb VeinsVenous Sinuses (Soleus)
3%
Lower Limb VeinsMuscular Venous Pump
3%

You're not logged in!

Compare scores with friends on all Sporcle quizzes.
Join for Free
OR
Log In

You Might Also Like...

Show Comments

Extras

Created May 5, 2014ReportNominate
Tags:bit, limb, Lower Limb, muscle, nerve

Top Quizzes Today


Score Distribution

Your Account Isn't Verified!

In order to create a playlist on Sporcle, you need to verify the email address you used during registration. Go to your Sporcle Settings to finish the process.

Report this User

Report this user for behavior that violates our Community Guidelines.

Details: